[Event "Krefelder SK Turm 1 - SV Dinslaken 1"]
[Site "NRW-Liga - Gruppe 2 2021/2022"]
[Date "2021.10.31"]
[Round "1.4"]
[White "Van Gool, Rudi"]
[Black "Graeber, Ralf"]
[Result "1/2-1/2"]
[WhiteElo "2191"]
[BlackElo "2132"]
[PlyCount "86"]
[EventDate "2021.??.??"]
[SourceVersionDate "2020.03.16"]
[WhiteTeam "Krefelder SK Turm 1"]
[BlackTeam "SV Dinslaken 1"]

1. d4 f5 2. g3 e6 3. Bg2 Nf6 4. Nf3 Be7 5. O-O O-O 6. c4 d6 7. Nc3 Ne4 8. Qc2
Nxc3 9. bxc3 Nc6 10. e4 e5 11. Rd1 Qe8 12. c5 Qh5 13. cxd6 cxd6 14. Ba3 f4 15.
dxe5 dxe5 16. Bxe7 Nxe7 17. Qb3+ Kh8 18. Qa3 Ng6 19. Nh4 Bg4 20. Nxg6+ hxg6 21.
Rd5 Bf3 22. Qe7 fxg3 23. fxg3 Bxg2 24. Rd7 Qh6 25. Kxg2 Rae8 26. Rf1 Rxe7 27.
Rxf8+ Kh7 28. Rxe7 Qd2+ 29. Rf2 Qxc3 30. Rff7 Qc2+ 31. Kg1 Qb1+ 32. Kg2 Qxe4+
33. Kh3 Kh6 34. Rf8 Kg5 35. Rfe8 Qg4+ 36. Kg2 Qe2+ 37. Kg1 Kf5 38. Rf8+ Kg4 39.
Rf4+ Kg5 40. Rf8 Qd1+ 41. Kg2 Qd5+ 42. Kh3 Qd6 43. Rff7 Qd5 1/2-1/2

[Event "Krefelder SK Turm 1 - SV Dinslaken 1"]
[Site "NRW-Liga - Gruppe 2 2021/2022"]
[Date "2021.10.31"]
[Round "1.5"]
[White "Brockhaus, Philip"]
[Black "Guddat, Joachim"]
[Result "1-0"]
[WhiteElo "1983"]
[BlackElo "2081"]
[PlyCount "47"]
[EventDate "2021.??.??"]
[SourceVersionDate "2020.03.16"]
[WhiteTeam "SV Dinslaken 1"]
[BlackTeam "Krefelder SK Turm 1"]

1. e4 c6 2. Nc3 d5 3. Nf3 dxe4 4. Nxe4 Nf6 5. Qe2 Bf5 6. Nxf6+ gxf6 7. d3 e6 8.
g3 Bd6 9. Bh6 Nd7 10. Bg2 Qa5+ 11. Nd2 Qe5 12. Nc4 Qxe2+ 13. Kxe2 Bc7 14. Ne3
O-O-O 15. g4 Rhg8 16. gxf5 exf5 17. Bh3 f4 18. Nf5 Rde8+ 19. Kd2 Rg6 20. Rae1
Kd8 21. Rxe8+ Kxe8 22. Re1+ Kd8 23. Re7 Ne5 24. Bxf4 1-0

[Event "Krefelder SK Turm 1 - SV Dinslaken 1"]
[Site "NRW-Liga - Gruppe 2 2021/2022"]
[Date "2021.10.31"]
[Round "1.6"]
[White "Dorner, Matthias"]
[Black "Borchert, Andreas"]
[Result "1-0"]
[WhiteElo "2094"]
[BlackElo "1944"]
[PlyCount "49"]
[EventDate "2021.??.??"]
[SourceVersionDate "2020.03.16"]
[WhiteTeam "Krefelder SK Turm 1"]
[BlackTeam "SV Dinslaken 1"]

1. d4 d5 2. c3 Nf6 3. Bf4 e6 4. Nd2 c5 5. e3 Nc6 6. Ngf3 Bd7 7. Bd3 Qb6 8. Rb1
cxd4 9. exd4 Be7 10. O-O O-O 11. Re1 Rfe8 12. Ne5 Bc8 13. Re3 g6 14. Rh3 Bf8
15. Qf3 Bg7 16. Bh6 Nxe5 17. dxe5 Ne4 18. Bxe4 dxe4 19. Nxe4 Qd8 20. Bxg7 Kxg7
21. Nf6 Rh8 22. Rd1 Qe7 23. Rd4 Rb8 24. Rdh4 h6 25. Rxh6 1-0

[Event "Krefelder SK Turm 1 - SV Dinslaken 1"]
[Site "NRW-Liga - Gruppe 2 2021/2022"]
[Date "2021.10.31"]
[Round "1.7"]
[White "Raygrotzki, Norbert"]
[Black "Maes, Valery"]
[Result "1/2-1/2"]
[WhiteElo "1822"]
[BlackElo "2067"]
[PlyCount "75"]
[EventDate "2021.??.??"]
[SourceVersionDate "2020.03.16"]
[WhiteTeam "SV Dinslaken 1"]
[BlackTeam "Krefelder SK Turm 1"]

1. e4 d5 2. exd5 Qxd5 3. Nc3 Qd8 4. d4 Nf6 5. Nf3 c6 6. Bc4 b5 7. Bb3 e6 8. Qe2
Be7 9. O-O b4 10. Ne4 Ba6 11. Bc4 Bxc4 12. Nxf6+ gxf6 13. Qxc4 Qd5 14. Qe2 Nd7
15. c4 bxc3 16. bxc3 Nb6 17. Be3 Qc4 18. Qxc4 Nxc4 19. Rab1 O-O 20. Nd2 Nxd2
21. Bxd2 Rfb8 22. Bf4 Rb6 23. Rb3 c5 24. dxc5 Bxc5 25. Rfb1 Kg7 26. c4 Kf8 27.
a4 Rd8 28. Rb5 Rd4 29. Bh6+ Ke7 30. a5 Rxb5 31. cxb5 Ra4 32. Bd2 Ra2 33. Be1
Kd6 34. b6 axb6 35. axb6 Ra8 36. b7 Rb8 37. Bb4 Bxb4 38. Rxb4 1/2-1/2

[Event "Krefelder SK Turm 1 - SV Dinslaken 1"]
[Site "NRW-Liga - Gruppe 2 2021/2022"]
[Date "2021.10.31"]
[Round "1.8"]
[White "Reuter, Julian-Frank"]
[Black "Zimmermann, Michael"]
[Result "1-0"]
[WhiteElo "1897"]
[BlackElo "1818"]
[PlyCount "95"]
[EventDate "2021.??.??"]
[SourceVersionDate "2020.03.16"]
[WhiteTeam "Krefelder SK Turm 1"]
[BlackTeam "SV Dinslaken 1"]

1. d4 d5 2. Nf3 Bf5 3. g3 h6 4. Bg2 Qc8 5. c4 Nf6 6. Nc3 c6 7. O-O Bh3 8. cxd5
Bxg2 9. Kxg2 cxd5 10. Bf4 a6 11. Rc1 Nc6 12. Na4 Ra7 13. Ne5 g5 14. Nxc6 bxc6
15. Be5 Bg7 16. Qc2 O-O 17. Qxc6 Qf5 18. Qc2 Qd7 19. Nc5 Qb5 20. b3 Ne8 21.
Bxg7 Nxg7 22. Qd3 Qa5 23. Rc2 e6 24. Qc3 Qb6 25. Nd3 Nf5 26. Qc5 Qb8 27. Ne5
Rb7 28. e3 Re8 29. Rfc1 Kg7 30. Qc6 Ra7 31. b4 Ree7 32. Qa4 Qb7 33. Nc6 Nd6 34.
Nxa7 Qxa7 35. Rc6 Nc4 36. Qxa6 Qd7 37. R1xc4 dxc4 38. Qxc4 Qb7 39. b5 Qa8 40.
b6 Rb7 41. d5 e5 42. a4 Qa5 43. Qb5 Qd2 44. d6 f6 45. Rc7+ Rxc7 46. dxc7 Qc2
47. Qd7+ Kg6 48. c8=Q 1-0

[Event "SG Solingen 3 - LSV Turm Lippstadt 1"]
[Site "NRW-Liga - Gruppe 2 2021/2022"]
[Date "2021.10.31"]
[Round "1.1"]
[White "Wehmeier, Stefan"]
[Black "Zolfagharian, Kevin"]
[Result "1-0"]
[WhiteElo "2339"]
[BlackElo "2258"]
[Annotator "daniel"]
[PlyCount "91"]
[EventDate "2021.??.??"]
[SourceVersionDate "2020.03.16"]
[WhiteTeam "LSV Turm Lippstadt 1"]
[BlackTeam "SG Solingen 3"]

1. f4 Nh6 2. Nf3 g6 3. g3 Bg7 4. Bg2 c5 5. O-O d5 6. d3 Nc6 7. c3 Bg4 8. Qe1
Qd7 9. Ne5 Nxe5 10. fxe5 O-O 11. Bf4 f6 12. exf6 Rxf6 13. Nd2 Nf7 14. Nf3 e5
15. Be3 Re8 16. Bxc5 e4 17. dxe4 Rxe4 18. e3 b6 19. Bd4 Rfe6 20. Bxg7 Rxe3 21.
Qd1 Bxf3 $11 22. Bxf3 Kxg7 23. Bxd5 Ng5 24. Bxe6 Qxe6 25. Qd4+ Qe5 26. Qxe5+
Rxe5 27. h4 Nf7 28. Rae1 Rxe1 29. Rxe1 Kf6 30. Rf1+ Ke6 31. Rxf7 Kxf7 32. Kf2
Kf6 33. Ke3 Kf5 34. c4 a5 35. b3 Kg4 36. Kf2 Kf5 37. Kf3 Ke5 38. Ke3 Kf5 39. a3
Ke5 40. b4 h5 41. bxa5 bxa5 42. a4 Kf5 43. Kd4 Kg4 44. c5 Kxg3 45. c6 Kxh4 46.
c7 1-0

[Event "SG Solingen 3 - LSV Turm Lippstadt 1"]
[Site "NRW-Liga - Gruppe 2 2021/2022"]
[Date "2021.10.31"]
[Round "1.2"]
[White "Hobusch, Jan"]
[Black "Hecht, Carsten"]
[Result "1/2-1/2"]
[WhiteElo "2211"]
[BlackElo "2296"]
[Annotator "daniel"]
[PlyCount "72"]
[EventDate "2021.??.??"]
[SourceVersionDate "2020.03.16"]
[WhiteTeam "SG Solingen 3"]
[BlackTeam "LSV Turm Lippstadt 1"]

1. d4 Nf6 2. Bf4 g6 3. e3 Bg7 4. Nf3 O-O 5. Be2 d6 6. h3 b6 7. O-O Bb7 8. Nbd2
Nfd7 9. Bh2 e5 10. Nc4 Nc6 11. c3 Qe7 12. a4 Rae8 13. a5 e4 14. Nfd2 f5 15.
axb6 axb6 16. Na3 Kh8 17. Nb5 Nf6 18. Na7 $11 Nd8 19. Ba6 Bxa6 20. Rxa6 Bh6 21.
Kh1 Ne6 22. Nb5 f4 23. exf4 Nxf4 24. Nc4 N6h5 25. Ne3 Qd7 26. c4 Nxh3 27. Qg4
Qxg4 28. Nxg4 Nxf2+ 29. Rxf2 Rxf2 30. Nxf2 e3 31. Nd3 e2 32. Ra1 Rf8 33. Bg1
Be3 34. Nc3 Ng3+ 35. Kh2 Nf1+ 36. Kh1 Ng3+ 1/2-1/2

[Event "SG Solingen 3 - LSV Turm Lippstadt 1"]
[Site "NRW-Liga - Gruppe 2 2021/2022"]
[Date "2021.10.31"]
[Round "1.3"]
[White "Wagner, Alexej"]
[Black "Berg, Michael"]
[Result "1/2-1/2"]
[WhiteElo "2261"]
[BlackElo "2271"]
[PlyCount "150"]
[EventDate "2021.??.??"]
[SourceVersionDate "2020.03.16"]
[WhiteTeam "LSV Turm Lippstadt 1"]
[BlackTeam "SG Solingen 3"]

1. d4 Nf6 2. c4 c5 3. d5 b5 4. cxb5 a6 5. b6 d6 6. Nc3 Qxb6 7. Nf3 g6 8. e4 Bg7
9. Nd2 O-O 10. Nc4 Qc7 11. Be2 Nbd7 12. Bf4 a5 13. a4 Ba6 14. Na3 c4 15. Qc2
Nc5 16. O-O Rfc8 17. Rad1 Qb8 18. Nab5 Bxb5 19. axb5 a4 20. Bxc4 Nfd7 21. Na2
Nb6 22. Nb4 Nxc4 23. Qxc4 Ne6 24. Nc6 Nxf4 25. g3 Nh5 26. Nxe7+ Kh8 27. Qxc8+
Qxc8 28. Nxc8 Rxc8 29. Ra1 Ra8 30. b6 Bxb2 31. b7 Rb8 32. Rxa4 Rxb7 33. Rb1 Rb6
34. Rc4 Nf6 35. e5 dxe5 36. Rc6 Nxd5 37. Rxb6 Nxb6 38. Rxb2 Nc4 39. Rb4 Nd6 40.
Rb6 Nf5 41. Rb5 Nd4 42. Rd5 Nf3+ 43. Kg2 e4 44. Ra5 h5 45. h3 Kg7 46. Ra4 f5
47. h4 Kf6 48. Ra6+ Kg7 49. Kf1 Kf7 50. Ke2 Kg7 51. Kd1 Kf7 52. Rb6 Kg7 53. Kc2
Kf7 54. Kc3 Kg7 55. Ra6 Kf7 56. Kc4 Kg7 57. Kd5 Kf7 58. Rb6 Nh2 59. Rb7+ Kf6
60. Kd4 Nf3+ 61. Ke3 Ke6 62. Kf4 Kf6 63. Rb6+ Kf7 64. Ra6 Kg7 65. Ra4 Kf6 66.
Rb4 Kf7 67. g4 fxg4 68. Kg3 Kf6 69. Rxe4 Kf5 70. Ra4 Ke5 71. Ra6 Kf5 72. Rb6
Nd4 73. Ra6 Nf3 74. Rc6 Nd4 75. Ra6 Nf3 1/2-1/2

[Event "SG Solingen 3 - LSV Turm Lippstadt 1"]
[Site "NRW-Liga - Gruppe 2 2021/2022"]
[Date "2021.10.31"]
[Round "1.4"]
[White "Michalczak, Thomas"]
[Black "Kruse, Janik"]
[Result "1-0"]
[WhiteElo "2193"]
[BlackElo "2180"]
[PlyCount "89"]
[EventDate "2021.??.??"]
[SourceVersionDate "2020.03.16"]
[WhiteTeam "SG Solingen 3"]
[BlackTeam "LSV Turm Lippstadt 1"]

1. e4 e5 2. Nf3 Nc6 3. Bb5 a6 4. Ba4 Nf6 5. O-O Nxe4 6. d4 b5 7. Bb3 d5 8. dxe5
Be6 9. Nbd2 Nc5 10. c3 Be7 11. Bc2 d4 12. cxd4 Nxd4 13. Nxd4 Qxd4 14. Nf3 Qxd1
15. Rxd1 Rd8 16. Be3 Bd5 17. Nd4 Ne6 18. Nf5 Bf8 19. a4 b4 20. a5 b3 21. Bd3 g6
22. Nh6 Bg7 23. Ng4 Bb7 24. Bc4 Ke7 25. Bxb3 Rxd1+ 26. Rxd1 h5 27. Nf6 Bxf6 28.
exf6+ Kxf6 29. Rd7 Bc6 30. Rxc7 Nxc7 31. Bd4+ Ke7 32. Bxh8 f6 33. Bg7 Ne6 34.
Bh6 g5 35. h4 Bb5 36. Bd1 g4 37. f3 f5 38. fxg4 fxg4 39. Be3 Kf6 40. Kf2 Ke5
41. Bc2 Be8 42. Bd3 Nc7 43. Bb6 Nb5 44. Ke3 Bf7 45. Be4 1-0

[Event "SG Solingen 3 - LSV Turm Lippstadt 1"]
[Site "NRW-Liga - Gruppe 2 2021/2022"]
[Date "2021.10.31"]
[Round "1.5"]
[White "Grobbel, Rainer"]
[Black "Asadzade, Idris"]
[Result "1/2-1/2"]
[WhiteElo "2121"]
[BlackElo "2197"]
[PlyCount "74"]
[EventDate "2021.??.??"]
[SourceVersionDate "2020.03.16"]
[WhiteTeam "LSV Turm Lippstadt 1"]
[BlackTeam "SG Solingen 3"]

1. d4 d5 2. c4 e6 3. Nc3 Nf6 4. Bg5 dxc4 5. e3 a6 6. Bxc4 b5 7. Bd3 Bb7 8. Nf3
Nbd7 9. O-O c5 10. Rc1 Be7 11. Bb1 cxd4 12. Nxd4 O-O 13. a3 Rc8 14. Qe2 h6 15.
Bh4 Ne5 16. Rfd1 Qb6 17. Ne4 Bxe4 18. Bxf6 Bxf6 19. Bxe4 Nc4 20. a4 Nd6 21. Bc2
bxa4 22. Qd3 Rfd8 23. Bxa4 Rxc1 24. Rxc1 Qxb2 25. Rb1 Qa2 26. Bb3 Qa3 27. Nxe6
Rc8 28. Nf4 Rc1+ 29. Rxc1 Qxc1+ 30. Qd1 Qxd1+ 31. Bxd1 Nb7 32. Nd5 Bb2 33. Kf1
Nd6 34. Ke2 g5 35. Kd3 Kg7 36. e4 Nb5 37. h3 Nd6 1/2-1/2

[Event "SG Solingen 3 - LSV Turm Lippstadt 1"]
[Site "NRW-Liga - Gruppe 2 2021/2022"]
[Date "2021.10.31"]
[Round "1.6"]
[White "Wickenfeld, Stefan"]
[Black "Kuehler, Andreas"]
[Result "1-0"]
[WhiteElo "2133"]
[BlackElo "1922"]
[PlyCount "73"]
[EventDate "2021.??.??"]
[SourceVersionDate "2020.03.16"]
[WhiteTeam "SG Solingen 3"]
[BlackTeam "LSV Turm Lippstadt 1"]

1. Nf3 d5 2. g3 Nf6 3. Bg2 Bg4 4. Ne5 Bf5 5. c4 c6 6. cxd5 cxd5 7. Qb3 Nc6 8.
Nxc6 bxc6 9. O-O g6 10. d3 Qc8 11. Nc3 Bh3 12. Bg5 Bg7 13. Rac1 Bxg2 14. Kxg2
Rb8 15. Qa3 Qb7 16. Na4 O-O 17. Rc2 Qa6 18. Rfc1 Rbc8 19. b3 Rfe8 20. Qb4 e5
21. Rc5 Rc7 22. Bxf6 Bxf6 23. Rxd5 cxd5 24. Rxc7 e4 25. dxe4 Qxe2 26. exd5 Qxa2
27. Qf4 Kg7 28. Nc5 Qa5 29. b4 Qb5 30. Ne6+ Kg8 31. Rc5 Qe2 32. Qxf6 fxe6 33.
Rc7 Qe4+ 34. f3 Qe2+ 35. Kh3 Qf1+ 36. Kg4 h5+ 37. Kg5 1-0

[Event "SG Solingen 3 - LSV Turm Lippstadt 1"]
[Site "NRW-Liga - Gruppe 2 2021/2022"]
[Date "2021.10.31"]
[Round "1.7"]
[White "Besou, Hussain"]
[Black "Gupta, Milon"]
[Result "1/2-1/2"]
[WhiteElo "1977"]
[BlackElo "2157"]
[Annotator "daniel"]
[PlyCount "109"]
[EventDate "2021.??.??"]
[SourceVersionDate "2020.03.16"]
[WhiteTeam "LSV Turm Lippstadt 1"]
[BlackTeam "SG Solingen 3"]

1. e4 d6 2. d4 Nf6 3. Nc3 e5 4. Nf3 Nbd7 5. Bc4 Be7 6. O-O O-O 7. Re1 c6 8. a4
h6 9. h3 a5 10. Bf1 Re8 11. b3 Bf8 12. g3 Qc7 13. Bb2 b6 14. Bg2 Bb7 15. Qd2
Rad8 16. Rad1 Qb8 17. Qc1 b5 18. dxe5 dxe5 19. axb5 cxb5 20. Nd5 Nxd5 21. exd5
Rc8 22. Nh4 b4 23. Rd2 Rc5 24. Qd1 Nb6 25. Nf5 g6 26. Ne3 f5 27. d6 Rd8 28.
Bxb7 Qxb7 29. g4 f4 30. Ng2 Nd7 31. Nh4 Kh7 32. Qe2 Bg7 33. Qd3 Nf8 34. Qe4
Qxe4 35. Rxe4 Nd7 36. Nf3 Rdc8 37. Ree2 Kg8 38. Ne1 Rd8 39. f3 Rb5 $11 40. Nd3
Kf8 41. Rd1 Rd5 42. Rde1 Rxd6 43. Nxe5 Nxe5 44. Bxe5 Bxe5 45. Rxe5 Rd2 46. R1e2
Rxe2 47. Rxe2 Kf7 48. Kf2 Kf6 49. Ke1 Rd5 50. Kf2 Rd6 51. h4 Rd5 52. Kg2 Rd6
53. Kf2 Rd5 54. Kg2 Rd6 55. Kf2 1/2-1/2

[Event "SG Solingen 3 - LSV Turm Lippstadt 1"]
[Site "NRW-Liga - Gruppe 2 2021/2022"]
[Date "2021.10.31"]
[Round "1.8"]
[White "Borchert, Stephan"]
[Black "Schulte, Tobias"]
[Result "1/2-1/2"]
[WhiteElo "2106"]
[BlackElo "1765"]
[PlyCount "111"]
[EventDate "2021.??.??"]
[SourceVersionDate "2020.03.16"]
[WhiteTeam "SG Solingen 3"]
[BlackTeam "LSV Turm Lippstadt 1"]

1. e4 c6 2. d4 d5 3. e5 Bf5 4. g4 Be4 5. f3 Bg6 6. h4 h5 7. e6 fxe6 8. Bd3 Bxd3
9. Qxd3 c5 10. Qg6+ Kd7 11. Ne2 cxd4 12. Nxd4 Qb6 13. c3 Qd6 14. Na3 e5 15.
Qf5+ e6 16. Nxe6 Qxe6 17. Qxf8 Qf6 18. Qxf6 gxf6 19. Be3 hxg4 20. fxg4 Nh6 21.
Rg1 Nf7 22. Bf2 Nc6 23. Nc2 Rag8 24. O-O-O Ke6 25. Rg2 Nd6 26. Rh1 Ne4 27. Be3
f5 28. gxf5+ Kxf5 29. Rxg8 Rxg8 30. h5 Ng3 31. Rh4 b6 32. Bf2 Ne4 33. Ne3+ Ke6
34. Be1 b5 35. h6 Ne7 36. h7 Rh8 37. Rh6+ Kf7 38. Bh4 Ng6 39. Nxd5 Kg7 40. Rh5
Nf4 41. Nxf4 exf4 42. Rf5 Rxh7 43. Rxf4 Nc5 44. Kc2 Rh5 45. b4 Ne6 46. Rg4+ Kf7
47. Kb3 Nc7 48. Bf2 a6 49. a4 Ne8 50. Bc5 Nf6 51. Rf4 Ke6 52. axb5 axb5 53. Rf1
Ne4 54. Re1 Kd5 55. Rd1+ Kc6 56. Rd4 1/2-1/2

[Event "SK Königsspringer Iserlohn 1 - Godesbe"]
[Site "NRW-Liga - Gruppe 2 2021/2022"]
[Date "2021.10.31"]
[Round "1.1"]
[White "Seger, Ruediger"]
[Black "Scheider, Julian"]
[Result "1/2-1/2"]
[WhiteElo "2264"]
[BlackElo "2322"]
[PlyCount "74"]
[EventDate "2021.??.??"]
[SourceVersionDate "2020.03.16"]
[WhiteTeam "Godesberger SK 1"]
[BlackTeam "SK Königsspringer Iserlohn 1"]

1. e4 c6 2. d4 d5 3. Nd2 dxe4 4. Nxe4 Nf6 5. Nxf6+ exf6 6. c3 Bd6 7. Bd3 O-O 8.
Qc2 Re8+ 9. Ne2 h5 10. O-O Nd7 11. Ng3 Bxg3 12. hxg3 Nf8 13. Bd2 Be6 14. Rfe1
Qd7 15. a4 a6 16. a5 Rad8 17. Be3 c5 18. b3 cxd4 19. Bxd4 Qc6 20. Rad1 Bd5 21.
Bf1 Rc8 22. c4 Be4 23. Qb2 Re6 24. b4 Nd7 25. Re3 Rce8 26. Rde1 Bf5 27. Qc3 Qc8
28. Rxe6 Rxe6 29. Rxe6 Bxe6 30. b5 Qc7 31. bxa6 bxa6 32. Qb4 Qc6 33. Qc3 Qc7
34. Qb4 Qc6 35. Qc3 Qc7 36. Be3 Qc6 37. Bd4 Qc7 1/2-1/2

[Event "SK Königsspringer Iserlohn 1 - Godesbe"]
[Site "NRW-Liga - Gruppe 2 2021/2022"]
[Date "2021.10.31"]
[Round "1.2"]
[White "Eckardt, Joshua"]
[Black "Koehler, Christian Friedrich"]
[Result "1/2-1/2"]
[WhiteElo "2250"]
[BlackElo "2225"]
[Annotator "daniel"]
[PlyCount "116"]
[EventDate "2021.??.??"]
[SourceVersionDate "2020.03.16"]
[WhiteTeam "SK Königsspringer Iserlohn 1"]
[BlackTeam "Godesberger SK 1"]

1. d4 d5 2. c4 c6 3. Nf3 Nf6 4. Nc3 dxc4 5. a4 Bf5 6. Ne5 Nbd7 7. Nxc4 Qc7 8.
g3 e5 9. dxe5 Nxe5 10. Bf4 Nfd7 11. Bg2 f6 12. O-O g5 13. Nxe5 gxf4 14. Nxd7
Qxd7 15. a5 fxg3 16. hxg3 a6 17. Qa4 Bd6 18. Rfd1 O-O-O 19. Rac1 Kb8 20. Ne4
Bxe4 21. Bxe4 Qg4 22. Bxc6 Qxa4 23. Bxa4 Bb4 24. Bd7 Bxa5 25. Rd5 Rhe8 26. Rcc5
Re7 27. Rxa5 $11 Rexd7 28. Rf5 Rd2 29. b4 Rxe2 30. Rxf6 Re4 31. b5 Re5 32. Rb6
Rxb5 33. Raxb5 axb5 34. Rxb5 Kc7 35. Rb2 Rb8 36. Kf1 b5 37. Ke2 Kc6 38. Kd3 Kc5
39. Kc3 Rf8 40. Re2 Rf3+ 41. Kb2 Kd4 42. Rd2+ Kc4 43. Re2 Kd4 44. Rd2+ Ke4 45.
Re2+ Kf5 46. Rd2 Ke5 47. Ka2 Ke4 48. Kb2 Rf5 49. Kb3 Kf3 50. Kb4 Rh5 51. Ra2
Rh2 52. Kxb5 h5 53. Ra7 Kxf2 54. Rg7 Rh3 55. Rg5 Rxg3 56. Rxh5 Kg2 57. Kc4 Rh3
58. Rxh3 Kxh3 1/2-1/2

[Event "SK Königsspringer Iserlohn 1 - Godesbe"]
[Site "NRW-Liga - Gruppe 2 2021/2022"]
[Date "2021.10.31"]
[Round "1.3"]
[White "Wecker, Martin"]
[Black "Messarius, Juergen"]
[Result "0-1"]
[WhiteElo "2208"]
[BlackElo "2099"]
[PlyCount "70"]
[EventDate "2021.??.??"]
[SourceVersionDate "2020.03.16"]
[WhiteTeam "Godesberger SK 1"]
[BlackTeam "SK Königsspringer Iserlohn 1"]

1. d4 f5 2. g3 g6 3. Bg2 Nh6 4. Nf3 Nf7 5. O-O Bg7 6. Nc3 d5 7. Bf4 c6 8. Qd2
O-O 9. Na4 Nd7 10. b3 e5 11. dxe5 Ndxe5 12. Nxe5 Nxe5 13. Rad1 Nf7 14. c4 d4
15. Qc2 Qe7 16. Rfe1 g5 17. Bc1 Ne5 18. Nb2 f4 19. Nd3 fxg3 20. hxg3 Ng4 21.
Bf3 Bf5 22. Qd2 h6 23. Bxg4 Bxg4 24. f3 Qd6 25. Kg2 Rae8 26. Nf2 Bh5 27. Rh1
Bg6 28. e4 c5 29. Nd3 g4 30. Rxh6 gxf3+ 31. Kf2 Rxe4 32. Qg5 Re2+ 33. Kf1 Bxh6
34. Qxh6 Qxg3 35. Nf4 Qf2# 0-1

[Event "SK Königsspringer Iserlohn 1 - Godesbe"]
[Site "NRW-Liga - Gruppe 2 2021/2022"]
[Date "2021.10.31"]
[Round "1.4"]
[White "Kind, Bertram"]
[Black "Kutzner, Stephen"]
[Result "1/2-1/2"]
[WhiteElo "2091"]
[BlackElo "2145"]
[PlyCount "102"]
[EventDate "2021.??.??"]
[SourceVersionDate "2020.03.16"]
[WhiteTeam "SK Königsspringer Iserlohn 1"]
[BlackTeam "Godesberger SK 1"]

1. e4 c5 2. Nc3 Nc6 3. f4 g6 4. Nf3 Bg7 5. Bc4 e6 6. f5 gxf5 7. d3 Nge7 8. O-O
Na5 9. Bg5 f6 10. Be3 O-O 11. Bb3 b6 12. Nh4 fxe4 13. Nxe4 d5 14. Ng3 Ng6 15.
Qh5 Qe8 16. c3 Nxb3 17. axb3 Ne5 18. Qe2 Qb5 19. Rfd1 Bd7 20. Nh5 Be8 21. Nxg7
Kxg7 22. Bf4 Ng6 23. Nxg6 hxg6 24. Qxe6 Bf7 25. Qe3 g5 26. Qg3 Bg6 27. Bd6 Rf7
28. h4 gxh4 29. Qxh4 Qxb3 30. Rd2 Rh8 31. Qg3 Qb5 32. Rf1 Qd7 33. Rdf2 Rh5 34.
Bf4 Qe8 35. Bd2 Qh8 36. Rf3 Rh1+ 37. Kf2 Rxf1+ 38. Kxf1 Qh1+ 39. Kf2 Qh5 40.
Bf4 Re7 41. Bd6 Re6 42. Bb8 Qh1 43. Qc7+ Kg8 44. Qd8+ Re8 45. Qxd5+ Bf7 46.
Rg3+ Kh8 47. Qxf7 Qe1+ 48. Kf3 Qe3+ 49. Kg4 Qg5+ 50. Kh3 Qh6+ 51. Kg4 Qg5+
1/2-1/2

[Event "SK Königsspringer Iserlohn 1 - Godesbe"]
[Site "NRW-Liga - Gruppe 2 2021/2022"]
[Date "2021.10.31"]
[Round "1.5"]
[White "Stenzel, Thomas"]
[Black "Klauke, Stefan"]
[Result "1-0"]
[WhiteElo "2070"]
[BlackElo "2090"]
[PlyCount "61"]
[EventDate "2021.??.??"]
[SourceVersionDate "2020.03.16"]
[WhiteTeam "Godesberger SK 1"]
[BlackTeam "SK Königsspringer Iserlohn 1"]

1. e4 e5 2. Nf3 Nc6 3. Bb5 Nge7 4. c3 g6 5. d3 Bg7 6. h3 O-O 7. Qe2 d6 8. Bg5
Bd7 9. a4 h6 10. Be3 f5 11. Bc4+ Kh7 12. g4 Na5 13. gxf5 gxf5 14. Ng5+ Kh8 15.
Nf7+ Rxf7 16. Bxf7 f4 17. Bc1 Ng8 18. b4 Nc6 19. Nd2 Qe7 20. Bb3 Nf6 21. Bb2
Be6 22. O-O-O d5 23. exd5 Nxd5 24. Bc2 Rd8 25. Ne4 Nf6 26. Nxf6 Qxf6 27. Rhg1
Ne7 28. d4 exd4 29. Rxd4 Rxd4 30. cxd4 Nd5 31. Rg6 1-0

[Event "SK Königsspringer Iserlohn 1 - Godesbe"]
[Site "NRW-Liga - Gruppe 2 2021/2022"]
[Date "2021.10.31"]
[Round "1.6"]
[White "Franz, Christian"]
[Black "Luebsen, Keno"]
[Result "1/2-1/2"]
[WhiteElo "1999"]
[BlackElo "2087"]
[PlyCount "46"]
[EventDate "2021.??.??"]
[SourceVersionDate "2020.03.16"]
[WhiteTeam "SK Königsspringer Iserlohn 1"]
[BlackTeam "Godesberger SK 1"]

1. c4 c6 2. Nc3 d5 3. cxd5 cxd5 4. d4 Nf6 5. Nf3 Nc6 6. Bf4 Bf5 7. e3 e6 8. Bb5
Nd7 9. Qa4 Rc8 10. O-O a6 11. Bxc6 Rxc6 12. Rfc1 Qc8 13. Ne5 Nxe5 14. Bxe5 f6
15. Bg3 b5 16. Qd1 Bb4 17. a3 Bxc3 18. Rxc3 Rxc3 19. bxc3 Qc6 20. a4 O-O 21.
axb5 axb5 22. Qb3 Rc8 23. Ra3 Qc4 1/2-1/2

[Event "SK Königsspringer Iserlohn 1 - Godesbe"]
[Site "NRW-Liga - Gruppe 2 2021/2022"]
[Date "2021.10.31"]
[Round "1.7"]
[White "Mittmann, Johannes"]
[Black "Lueck, Kai"]
[Result "1-0"]
[WhiteElo "2105"]
[BlackElo "1981"]
[PlyCount "49"]
[EventDate "2021.??.??"]
[SourceVersionDate "2020.03.16"]
[WhiteTeam "Godesberger SK 1"]
[BlackTeam "SK Königsspringer Iserlohn 1"]

1. e4 c6 2. d4 d5 3. exd5 cxd5 4. c4 Nf6 5. Nc3 e6 6. Nf3 Be7 7. Bg5 O-O 8. c5
Ne4 9. Bxe7 Qxe7 10. Rc1 Nc6 11. Bb5 Bd7 12. Bxc6 Bxc6 13. O-O Nxc3 14. Rxc3
Bb5 15. Re1 a5 16. Qb3 Bc4 17. Qc2 Rfe8 18. Ne5 Bb5 19. Rh3 g6 20. Rf3 f6 21.
Nxg6 hxg6 22. Qxg6+ Qg7 23. Qh5 Kf8 24. Rg3 Qf7 25. Qh6+ 1-0

[Event "SK Königsspringer Iserlohn 1 - Godesbe"]
[Site "NRW-Liga - Gruppe 2 2021/2022"]
[Date "2021.10.31"]
[Round "1.8"]
[White "Meinecke, Gerd"]
[Black "Mueller-Boge, Michael"]
[Result "0-1"]
[WhiteElo "1988"]
[BlackElo "1984"]
[PlyCount "96"]
[EventDate "2021.??.??"]
[SourceVersionDate "2020.03.16"]
[WhiteTeam "SK Königsspringer Iserlohn 1"]
[BlackTeam "Godesberger SK 1"]

1. d4 Nf6 2. Bf4 g6 3. Nf3 Bg7 4. e3 d6 5. h3 O-O 6. Be2 c5 7. c3 Nc6 8. O-O
Qb6 9. b3 Qa5 10. Nfd2 e5 11. Nc4 Qc7 12. dxe5 dxe5 13. Bg3 Rd8 14. Qc1 Qe7 15.
Nbd2 Bf5 16. Bh4 b5 17. Nb2 a6 18. e4 Bh6 19. exf5 Rxd2 20. Bg4 Rad8 21. Qb1 g5
22. Bg3 Nxg4 23. hxg4 Bg7 24. Rd1 e4 25. Rxd2 Rxd2 26. Qc1 e3 27. f3 b4 28. Nd1
bxc3 29. Nxc3 Qf6 30. Be1 Qxc3 31. Bxd2 Qxa1 32. Bxe3 Qxc1+ 33. Bxc1 Bd4+ 34.
Kf1 h6 35. Ke2 Kg7 36. Kd3 Nb4+ 37. Kc4 Nxa2 38. Ba3 Kf6 39. Bxc5 Bxc5 40. Kxc5
Ke5 41. g3 Nc1 42. b4 Nd3+ 43. Kc6 Nxb4+ 44. Kd7 a5 45. Ke7 Nd5+ 46. Kxf7 a4
47. Kg7 a3 48. Kxh6 Kf6 0-1

[Event "Brühler SK 1 - SG Porz 2"]
[Site "NRW-Liga - Gruppe 2 2021/2022"]
[Date "2021.10.31"]
[Round "1.1"]
[White "Braun, Christian"]
[Black "Loifenfeld, Jakov"]
[Result "1/2-1/2"]
[WhiteElo "2402"]
[BlackElo "2319"]
[PlyCount "120"]
[EventDate "2021.??.??"]
[SourceVersionDate "2020.03.16"]
[WhiteTeam "SG Porz 2"]
[BlackTeam "Brühler SK 1"]

1. e4 e5 2. Nf3 d6 3. Bc4 c5 4. c3 Nc6 5. O-O Be7 6. d4 Nf6 7. dxe5 dxe5 8.
Qxd8+ Bxd8 9. Bg5 h6 10. Bxf6 Bxf6 11. Nbd2 O-O 12. Rfe1 Rd8 13. h3 Bd7 14. Nf1
Ne7 15. Ne3 Bc6 16. Ng4 Ng6 17. Nxf6+ gxf6 18. g3 Rd6 19. a4 Rad8 20. Bb5 Ne7
21. Kf1 Bxb5+ 22. axb5 Rb6 23. Rxa7 Rxb5 24. Ra2 h5 25. Ke2 Kg7 26. h4 Rd7 27.
Nd2 f5 28. exf5 Nxf5 29. Nc4 Kf6 30. Rd1 Rxd1 31. Kxd1 Ke6 32. Ra8 Nd6 33. Nxd6
Kxd6 34. Kc2 c4 35. Rd8+ Ke6 36. Rc8 Kd5 37. Rh8 Rb6 38. Rxh5 Ke4 39. f3+ Kxf3
40. Rxe5 Kxg3 41. Rf5 f6 42. h5 Kg4 43. h6 Re6 44. h7 Re2+ 45. Kb1 Rh2 46. Rxf6
Rxh7 47. Ka2 Kg5 48. Rf8 Rh6 49. Rf7 Ra6+ 50. Kb1 b5 51. Kc2 Re6 52. Rb7 Re5
53. Kb1 Kf6 54. Ka2 Ke6 55. Ka3 Kd6 56. Kb4 Kc6 57. Rh7 Re2 58. Rh6+ Kc7 59.
Kxb5 Rxb2+ 60. Kxc4 Rg2 1/2-1/2